A quatre passes de Barcelona : l'aventura de l'aigua = Just a stone's throw from Barcelona : the water adventure l'aventura de l'aigua = Just a stone's throw from Barcelona :
Publicado:
Barcelona :
Diputació de Barcelona, Xarxa de Municipis, Agència de Promoció Turística, DL 2001
Descripción Física:
[31] p. : il. col, fot. ; 21 cm
MARC
| LEADER | 00000nam a2200000Ia 4500 | ||
|---|---|---|---|
| 001 | 15172 | ||
| 008 | 160829s9999 xx 000 0 cat d | ||
| 080 | |a FU-35-14 | ||
| 245 | 2 | |a A quatre passes de Barcelona : |b l'aventura de l'aigua = Just a stone's throw from Barcelona : |b the water adventure | |
| 260 | |a Barcelona : |b Diputació de Barcelona, Xarxa de Municipis, Agència de Promoció Turística, DL 2001 | ||
| 300 | |a [31] p. : |b il. col, fot. ; |c 21 cm | ||
| 590 | |a A la portada: Turisme Total. | ||
| 590 | |a Inclou mapa-guia. | ||
| 590 | |a Existeix una edició en castellà amb R. 18393 | ||
| 650 | |a Esports aquàtics |x Barcelona (Província) |x Guies |9 31527 | ||
| 710 | 1 | |a Barcelona (Catalunya : Província). |b Agència de Promoció Turística |9 51387 | |
| 901 | |a Arxiu | ||
| 942 | |n 1 | ||
| 952 | |0 0 |1 0 |4 0 |6 FU3514 |7 1 |9 41868 |a Arxiu |b Arxiu |d 2016-12-01 |l 0 |o FU-35-14 |p 15172 |r 2016-12-01 00:00:00 |w 2016-12-01 |y ARXIU | ||
| 999 | |c 44315 |d 44315 | ||